|
|
|
|
| LEADER |
00000nam0a2200000 4500 |
| 001 |
199654 |
| 005 |
20231031184401.0 |
| 035 |
|
|
|a (RuTPU)RU\TPU\book\217690
|
| 090 |
|
|
|a 199654
|
| 100 |
|
|
|a 20110823d1976 m y0rusy50 ca
|
| 101 |
0 |
|
|a rus
|
| 102 |
|
|
|a RU
|
| 105 |
|
|
|a a j 001zy
|
| 200 |
1 |
|
|a Источники питания электротермических установок
|e учебное пособие
|f А. В. Бамунэр, Г. И. Дорофеев, А. М. Каргальцев
|g Ленинградский электротехнический институт (ЛЭТИ)
|
| 210 |
|
|
|a Ленинград
|c Изд-во ЛЭТИ
|d 1976
|
| 215 |
|
|
|a 81 с.
|c ил.
|
| 320 |
|
|
|a Библиогр.: с. 79.
|
| 610 |
1 |
|
|a электротермические установки
|
| 610 |
1 |
|
|a питание
|
| 610 |
1 |
|
|a генераторы
|
| 610 |
1 |
|
|a устройство
|
| 610 |
1 |
|
|a действие
|
| 610 |
1 |
|
|a классификация
|
| 610 |
1 |
|
|a схемы
|
| 610 |
1 |
|
|a лабораторные работы
|
| 610 |
1 |
|
|a учебные пособия
|
| 610 |
1 |
|
|a источники
|
| 675 |
|
|
|a 621.313.12(075.8)
|v 3
|
| 700 |
|
1 |
|a Бамунэр
|b А. В.
|g Александр Владимирович
|
| 701 |
|
1 |
|a Дорофеев
|b Г. И.
|g Геннадий Иванович
|
| 701 |
|
1 |
|a Каргальцев
|b А. М.
|g Андрей Михайлович
|
| 712 |
0 |
2 |
|a Ленинградский электротехнический институт (ЛЭТИ)
|2 stltpush
|3 (RuTPU)RU\TPU\col\289
|
| 801 |
|
1 |
|a RU
|b 63413507
|c 20110823
|
| 801 |
|
2 |
|a RU
|b 63413507
|c 20160910
|g RCR
|
| 942 |
|
|
|c BK
|